00763cam a2200217 a 4500999001500000001000500015003000900020005001700029008004100046040002800087082001900115100002400134245012600158250001200284260003900296300002200335505003000357650002500387942001200412952012100424 c1467d14679743BD-DhUAP20210121140947.0200208s1996 ii 000 0 eng  aDLCcDLCdBD-DhUAPbEng 223a345.54 NEL1 aNelson, Reginald A.10aR.A. Nelson's Indian Penal Code /cReginald A. Nelson ; throughly revised and overhauled by B. P. Singh and G. S. Sharma. a8th ed. aAllahabad :bThe law book,cc1996. avolumes ;c26 cm. aV. 1-(sections 1 to 160). aCriminal lawzIndia. 2ddccBK 00102ddc4070aUAPCLbUAPCLcGeneral Stacksd2020-02-08o345.54 NEL V-1p3010009743r2020-02-08t1w2020-02-08yBK